[Event "SVK-chT2C 1314"]
[Site "Slovakia"]
[Date "2013.10.20"]
[Round "2.7"]
[White "Misecka, Kamil"]
[Black "Brodek, Jaroslav"]
[Result "1-0"]
[WhiteElo "1809"]
[BlackElo "1938"]
[PlyCount "83"]
[EventDate "2013.10.19"]
[EventType "team-tourn"]
[EventRounds "11"]
[EventCountry "SVK"]
[SourceTitle "EXT 2015"]
[Source "ChessBase"]
[SourceDate "2014.11.20"]
[SourceVersion "1"]
[SourceVersionDate "2014.11.20"]
[SourceQuality "1"]
[WhiteTeam "Jelsava Magnezit"]
[BlackTeam "Dunajov II"]
[WhiteTeamCountry "SVK"]
[BlackTeamCountry "SVK"]

1. e4 c5 2. Nc3 d6 3. g3 Nc6 4. Bg2 e5 5. Nge2 Nf6 6. d3 Be7 7. 0-0 Bd7 8. h3 a6 9. Bg5 h6 10. Bxf6 Bxf6 11. Nd5 Be6 12. Nec3 Nb4 13. Nxf6+ Qxf6 14. a3 Nc6 15. f4 Ne7 16. f5 Bd7 17. Qd2 Bc6 18. Nd1 d5 19. Ne3 dxe4 20. Ng4 Qd6 21. f6 Qd4+ 22. Kh2 Ng8 23. fxg7 Rh7 24. Rae1 Rxg7 25. Bxe4 0-0-0 26. Bxc6 bxc6 27. Nxe5 Qd5 28. Nc4 Kb7 29. Qa5 f6 30. Qb6+ Kc8 31. Qxa6+ Kb8 32. Nb6 Ra7 33. Qxa7+ Kxa7 34. Nxd5 cxd5 35. Re6 Kb7 36. Rfe1 Kc7 37. Re8 Kd7 38. Rxd8+ Kxd8 39. g4 Kd7 40. Kg3 Ne7 41. Rxe7+ Kxe7 42. Kf4 1-0

[Event "SVK-chT2C 1314"]
[Site "Slovakia"]
[Date "2013.10.19"]
[Round "1.7"]
[White "Skotnicky, Simon"]
[Black "Misecka, Kamil"]
[Result "1/2-1/2"]
[WhiteElo "1842"]
[BlackElo "1809"]
[PlyCount "63"]
[EventDate "2013.10.19"]
[EventType "team-tourn"]
[EventRounds "11"]
[EventCountry "SVK"]
[SourceTitle "EXT 2015"]
[Source "ChessBase"]
[SourceDate "2014.11.20"]
[SourceVersion "1"]
[SourceVersionDate "2014.11.20"]
[SourceQuality "1"]
[WhiteTeam "Cadca II"]
[BlackTeam "Jelsava Magnezit"]
[WhiteTeamCountry "SVK"]
[BlackTeamCountry "SVK"]

1. d4 d5 2. Nf3 Nf6 3. c4 e6 4. Nc3 Bb4 5. Bg5 c5 6. Qd3 Nbd7 7. cxd5 exd5 8. Qe3+ Qe7 9. Qxe7+ Kxe7 10. a3 Bxc3+ 11. bxc3 c4 12. Rb1 h6 13. Bf4 Ne4 14. Rc1 b5 15. Nd2 Nxd2 16. Kxd2 g5 17. Bg3 f5 18. e3 a5 19. Ra1 Nb6 20. Be2 Bd7 21. Rhb1 Rhc8 22. Bd1 b4 23. axb4 axb4 24. Rxa8 Rxa8 25. Rxb4 Ra2+ 26. Ke1 Na4 27. Bxa4 Bxa4 28. Rb7+ Kf6 29. Ra7 Ra1+ 30. Kd2 Ra2+ 31. Ke1 Ra1+ 32. Kd2 1/2-1/2

[Event "SVK-chT2C 1112"]
[Site "Slovakia"]
[Date "2012.02.25"]
[Round "10.8"]
[White "Misecka, Kamil"]
[Black "Minich, Miroslav"]
[Result "1-0"]
[WhiteElo "1674"]
[BlackElo "1929"]
[PlyCount "65"]
[EventDate "2011.10.08"]
[EventType "team-tourn"]
[EventRounds "11"]
[EventCountry "SVK"]
[SourceTitle "EXT 2013"]
[Source "ChessBase"]
[SourceDate "2012.11.22"]
[SourceVersion "1"]
[SourceVersionDate "2012.11.22"]
[SourceQuality "1"]
[WhiteTeam "Jelsava"]
[BlackTeam "Zvolen Slavia"]
[WhiteTeamCountry "SVK"]
[BlackTeamCountry "SVK"]

1. e4 c6 2. d4 d5 3. exd5 cxd5 4. c4 Nf6 5. Nc3 e6 6. Nf3 Bb4 7. Be2 0-0 8. 0-0 dxc4 9. Bxc4 Qc7 10. Qd3 a6 11. Bg5 b5 12. Bb3 Nbd7 13. Rac1 Qd6 14. Ne4 Nxe4 15. Qxe4 Qb8 16. d5 Nc5 17. Qxb4 Nd3 18. Rxc8 Nxb4 19. Rxb8 Rfxb8 20. dxe6 fxe6 21. Bxe6+ Kh8 22. Ne5 h6 23. Bf4 Rb6 24. Bb3 Rf6 25. a3 Kh7 26. Bg3 Nc6 27. Nxc6 Rxc6 28. Bd5 Rac8 29. Bxc6 Rxc6 30. Be5 a5 31. Bc3 a4 32. Re1 b4 33. Bxb4 1-0